| Tag |
First Indicator |
Second Indicator |
Subfields |
| LEADER |
00000cam a2200000 a 4500 |
| 001 |
in00001614432 |
| 005 |
20151023055547.0 |
| 008 |
010206s2001 mducf b 001 0deng |
| 010 |
|
|
|a 2001027156
|
| 020 |
|
|
|a 0761819975 (cloth : alk. paper)
|
| 035 |
|
|
|a (OCoLC)ocm46319712
|
| 040 |
|
|
|a DLC
|c DLC
|d C#P
|d TXA
|d UtOrBLW
|
| 043 |
|
|
|a n-us---
|
| 049 |
|
|
|a TXAM
|
| 050 |
0 |
0 |
|a E458.8
|b .C84 2001
|
| 082 |
0 |
0 |
|a 973.7/092/2
|2 21
|
| 100 |
1 |
|
|a Cowden, Joanna Dunlap.
|
| 245 |
1 |
0 |
|a "Heaven will frown on such a cause as this" :
|b six Democrats who opposed Lincoln's war /
|c Joanna D. Cowden.
|
| 264 |
|
1 |
|a Lanham, Md. :
|b University Press of America,
|c [2001]
|
| 264 |
|
4 |
|c ©2001
|
| 300 |
|
|
|a xvii, 259 pages, 6 unnumbered pages of plates :
|b portraits ;
|c 23 cm.
|
| 336 |
|
|
|a text
|b txt
|2 rdacontent
|
| 337 |
|
|
|a unmediated
|b n
|2 rdamedia
|
| 338 |
|
|
|a volume
|b nc
|2 rdacarrier
|
| 504 |
|
|
|a Includes bibliographical references (pages [225]-243) and index.
|
| 650 |
|
0 |
|a Copperhead movement.
|
| 651 |
|
0 |
|a United States
|x Politics and government
|y 1861-1865.
|
| 600 |
1 |
0 |
|a Lincoln, Abraham,
|d 1809-1865
|x Adversaries.
|
| 650 |
|
0 |
|a Politicians
|z United States
|v Biography.
|
| 610 |
2 |
0 |
|a Democratic Party (U.S.)
|v Biography.
|
| 650 |
|
0 |
|a Dissenters
|z United States
|v Biography.
|
| 994 |
|
|
|a E0
|b TXA
|
| 948 |
|
|
|a cataloged
|b h
|c 2001/6/28
|d c
|e jlanham
|f 12:10:20 pm
|
| 999 |
|
|
|a MARS
|
| 999 |
f |
f |
|s 93a5e1de-98e8-3159-9d5b-fca37200b379
|i 47bdc8f3-a820-385c-ae22-0412066f8e14
|t 0
|
| 952 |
f |
f |
|p ric
|a Texas A&M University
|b Rellis Campus
|c Joint Library Facility
|d Remote Storage
|t 0
|e E458.8 .C84 2001
|h Library of Congress classification
|i unmediated -- volume
|m A14827751378
|
| 998 |
f |
f |
|a E458.8 .C84 2001
|t 0
|l Remote Storage
|